000 00268nam a22001097a 4500
008 240530b |||||||| |||| 00| 0 eng d
100 _aMiya, Shah Aladin
_914907
245 _aNushk Gul Gul
260 _aNew york:
_bAcadmic Pub.;
_c1960.
300 _a360p.
942 _cBK
999 _c39303
_d39303